000 00298nam a22001337a 4500
008 170601b xxu||||| |||| 00| 0 eng d
020 _a039535031
041 _aeng
080 _a94
100 _a17
101 _aSHH
245 _aSOURCES OF THE WESTERN TRADITION
_cPERRY.M
942 _2udc
_cBK
999 _c15248
_d15248